| 000 | 00468nam a2200157 i 4500 | ||
|---|---|---|---|
| 001 | 62907 | ||
| 003 | ES-MaACL | ||
| 005 | 20230906164741.0 | ||
| 007 | t| | ||
| 008 | 031126s1918 ag ||||1| spa d | ||
| 100 | 1 |
_aFernández Coria, José. _949596 |
|
| 245 | 1 | 3 |
_aLa enseñanza de la Literatura en las escuelas argentinas / _cJosé Fernández Coria. |
| 260 |
_aBuenos Aires : _b[s.n., _c1918] ( _fLópez) |
||
| 300 |
_a238 p. ; _c19 cm. |
||
| 852 |
_aES-MaACL _jF-11027 |
||
| 999 |
_c62907 _d62907 |
||